Hombre sangrando a solas /
Guardat en:
| Autor principal: | |
|---|---|
| Format: | Desconegut |
| Idioma: | Spanish |
| Publicat: |
Chile :
Editorial Barga de Palo,
1993.
|
| Matèries: | |
| Etiquetes: |
Afegir etiqueta
Sense etiquetes, Sigues el primer a etiquetar aquest registre!
|
MARC
| LEADER | 000000000a22000000004500 | ||
|---|---|---|---|
| 001 | 003357 | ||
| 020 | |a 9567390010 | ||
| 041 | 0 | |a spa | |
| 082 | 0 | 4 | |a Ch861.4 |b G143h |
| 100 | 1 | |a Gaínza, Rodrigo | |
| 245 | 1 | 0 | |a Hombre sangrando a solas / |c Rodrigo Gaínza. |
| 260 | 1 | |a Chile : |b Editorial Barga de Palo, |c 1993. | |
| 300 | |a 153 páginas | ||
| 650 | 4 | |a LITERATURA CHILENA | |
| 650 | 4 | |a POESIA | |
| 999 | |c 9592 |d 9592 | ||
| 942 | |c BK |h Ch861.4 G143h |2 z | ||



